00385nam a2200145Ia 4500008004100000020001800041041000800059082001600067100001900083245003700102250000600139260005100145300001700196650002600213210716s2011 xx 000 0 und d a9788120330849 aeng a158.35 SINK aSingh, Kavita. aCounselling skills for managers. a2 aNew DelhibPHI Learning private limited.c2011 axix,271/2015 aCounseling & Coaching